Introduction to Robotics : (Record no. 16586)
[ view plain ]
| 000 -LEADER | |
|---|---|
| fixed length control field | 01744cam a2200277 a 4500 |
| 001 - CONTROL NUMBER | |
| control field | 16284549 |
| 005 - DATE AND TIME OF LATEST TRANSACTION | |
| control field | 20110601090556.0 |
| 008 - FIXED-LENGTH DATA ELEMENTS--GENERAL INFORMATION | |
| fixed length control field | 100615s2011 njua b 001 0 eng |
| 020 ## - INTERNATIONAL STANDARD BOOK NUMBER | |
| International Standard Book Number | 9780470604465 (hbk. : alk. paper) |
| 040 ## - CATALOGING SOURCE | |
| Original cataloging agency | DLC |
| Transcribing agency | DLC |
| Modifying agency | DLC |
| 082 00 - DEWEY DECIMAL CLASSIFICATION NUMBER | |
| Classification number | 629.892 |
| Edition number | 22 |
| Item number | NIK |
| 100 1# - MAIN ENTRY--PERSONAL NAME | |
| Personal name | Niku, Saeed B. |
| Fuller form of name | (Saeed Benjamin) |
| 9 (RLIN) | 29394 |
| 245 10 - TITLE STATEMENT | |
| Title | Introduction to Robotics : |
| Remainder of title | Analysis, Control, Applications / |
| Statement of responsibility, etc | Saeed Benjamin Niku. |
| 250 ## - EDITION STATEMENT | |
| Edition statement | 2nd ed. |
| 260 ## - PUBLICATION, DISTRIBUTION, ETC. (IMPRINT) | |
| Place of publication, distribution, etc | Hoboken, N.J : |
| Name of publisher, distributor, etc | Wiley, |
| Date of publication, distribution, etc | c2011. |
| 300 ## - PHYSICAL DESCRIPTION | |
| Extent | xiv, 466 p. : |
| Other physical details | ill. ; |
| Dimensions | 25 cm. |
| 504 ## - BIBLIOGRAPHY, ETC. NOTE | |
| Bibliography, etc | Includes bibliographical references and index. |
| 520 ## - SUMMARY, ETC. | |
| Summary, etc | "Niku offers comprehensive, yet concise coverage of robotics that will appeal to engineers. Robotic applications are drawn from a wide variety of fields. Emphasis is placed on design along with analysis and modeling. Kinematics and dynamics are covered extensively in an accessible style. Vision systems are discussed in detail, which is a cutting-edge area in robotics. Engineers will also find a running design project that reinforces the concepts by having them apply what they've learned."-- |
| 650 #0 - SUBJECT ADDED ENTRY--TOPICAL TERM | |
| Topical term or geographic name as entry element | Robotics. |
| 9 (RLIN) | 29395 |
| 653 ## - INDEX TERM--UNCONTROLLED | |
| Resource For college | |
| Arrived date list | March2012 |
| 942 ## - ADDED ENTRY ELEMENTS (KOHA) | |
| Source of classification or shelving scheme | Dewey Decimal Classification |
| Item type | Book - Borrowing |
| Withdrawn status | Item status | Source of classification or shelving scheme | Damaged status | Not for loan | Vendor | Home library | Current library | Shelving location | Date acquired | Source of acquisition | Total Checkouts | Full call number | Barcode | Date last seen | Koha item type | Total Renewals | Date last borrowed | Checked out |
|---|---|---|---|---|---|---|---|---|---|---|---|---|---|---|---|---|---|---|
| Dewey Decimal Classification | Baccah | Central Library | Central Library | First floor | 18/03/2012 | 629.892 NIK | 000026454 | 15/07/2025 | NB - Book (Non borrowing) | |||||||||
| Dewey Decimal Classification | Baccah | Central Library | Central Library | First floor | 18/03/2012 | 3 | 629.892 NIK | 000026455 | 07/09/2025 | Book - Borrowing | 15 | 17/02/2020 | ||||||
| Dewey Decimal Classification | Baccah | Central Library | Central Library | First floor | 18/03/2012 | 2 | 629.892 NIK | 000026456 | 25/10/2015 | Book - Borrowing | 7 | 25/10/2015 | 13/04/2022 |